000
00328nam a2200133Ia 4500
008
231129s1968||||xx |||||||||||||| ||spa||
040
_b
spa
082
_a
104 L598f
100
_a
Lepp Ignace
245
0
_a
La filosofía cristiana de la existencia
260
_c
1968
264
_a
Ediciones Carlos Lohlé
942
_2
ddc
_c
BKS
999
_c
17136
_d
17136